| 000 | 00502nam a22001937a 4500 | ||
|---|---|---|---|
| 005 | 20260216151806.0 | ||
| 008 | 260216b |||||||| |||| 00| 0 eng d | ||
| 020 |
_a9780983783398 _cRs. 500.00 |
||
| 040 | _aMAIN | ||
| 082 |
_a210 _bL149E |
||
| 100 | _aLakshmanjoo, Swami | ||
| 245 | _aEssence of the supreme reality | ||
| 260 |
_aNew Delhi _bIshwar Ashram Trust _c2016 |
||
| 300 | _axiv, 183 | ||
| 650 | _aReligion | ||
| 650 | _aTheory of Religion | ||
| 700 | _aHughes, John, ed. | ||
| 942 | _cBK | ||
| 999 |
_c397023 _d397023 |
||